000 00711nam a2200289Ia 4500
005 20260324112809.0
008 008 260324s9999 xx 000 0 eng d
020 _a9781003419259
037 _aEBOOK
040 _aCRL
040 _beng
040 _cCRL
041 _2eng
041 _aeng
084 _qCRL
100 _aOhjoon KWON; JOO Choi; Hae-Geon LEE
_91144178
245 0 _aSteel Odyssey
245 0 _bTracing the Journey of Humanity Through the Lens of Steel
260 _bTaylor and Francis
260 _c2024
365 _a
365 _b195
856 _uhttp://www.taylorfrancis.com/books/9781003419259
942 _cEBOOK
999 _c1733532
_d1733532